|
|
|
|
| LEADER |
00000nam a2200000 4500 |
| 001 |
vtls012240044 |
| 003 |
SK-MaSNL |
| 005 |
20260302040238.0 |
| 008 |
230925s2023 xo oac g 000 0dslo |
| 015 |
|
|
|a SNBA2023/10
|
| 020 |
|
|
|a 9788089913961
|q (brožované)
|
| 040 |
|
|
|a SNK
|b slo
|c SNK
|e rda
|
| 041 |
0 |
|
|a slo
|
| 043 |
|
|
|a e-xo---
|
| 044 |
|
|
|a xo
|c SK
|
| 072 |
|
7 |
|a 75
|x Maliarstvo
|2 konspekt
|
| 080 |
|
|
|a 75.071.1
|2 2011
|
| 080 |
|
|
|a 75(437.6)
|2 2011
|
| 080 |
|
|
|a 75.036/.038
|2 2011
|
| 080 |
|
|
|a (437.6)
|2 2011
|
| 080 |
|
|
|a (048.8)
|2 2011
|
| 080 |
|
|
|a (084.11)
|2 2011
|
| 100 |
1 |
|
|a Michalovič, Peter,
|d 1960-
|4 aut
|9 85879
|
| 245 |
1 |
0 |
|a Causa vivendi
|b (Ivan Csudai - obrazy 2011-22)
|c Peter Michalovič ; ilustrácie: Ivan Csudai ; návrh obálky a grafická úprava: Ivan Csudai
|
| 246 |
3 |
4 |
|a Ivan Csudai : Causa vivendi (obrazy 2011-22)
|
| 250 |
|
|
|a Prvé vydanie
|
| 264 |
|
1 |
|a Bratislava
|b Petrus
|c 2023
|
| 300 |
|
|
|a 303 strán
|b fotografie, ilustrácie, portréty
|c 30 cm
|
| 336 |
|
|
|a text
|b txt
|2 rdacontent
|
| 336 |
|
|
|a statický obraz
|b sti
|2 rdacontent
|
| 337 |
|
|
|a bez média
|b n
|2 rdamedia
|
| 338 |
|
|
|a zväzok
|b nc
|2 rdacarrier
|
| 500 |
|
|
|a Obsahuje zoznam reprodukcii
|
| 500 |
|
|
|a Životopisné dáta, prehľad výstav a zastúpenie v zbierkach
|
| 600 |
1 |
7 |
|a Csudai, Ivan,
|d 1959-
|2 SNKMA
|9 120385
|
| 648 |
|
7 |
|a 21. storočie
|2 SNKPH
|9 301294
|
| 648 |
|
7 |
|a 21st century
|2 SNKPHeng
|9 303236
|
| 648 |
|
7 |
|a 2011-2022
|2 SNKPH
|9 690289
|
| 650 |
0 |
7 |
|a maliari
|2 SNKPH
|9 3150
|
| 650 |
0 |
7 |
|a slovenské maliarstvo
|2 SNKPH
|9 3124
|
| 650 |
0 |
7 |
|a moderné maliarstvo
|2 SNKPH
|9 68070
|
| 650 |
0 |
7 |
|a Painters
|2 SNKPHeng
|9 99679
|
| 650 |
0 |
7 |
|a Slovak painting
|2 SNKPHeng
|9 302574
|
| 650 |
0 |
7 |
|a Modern painting
|2 SNKPHeng
|9 315955
|
| 651 |
|
7 |
|a Slovensko
|2 SNKPH
|
| 651 |
|
7 |
|a Slovakia
|2 SNKPHeng
|9 92630
|
| 655 |
|
7 |
|a monografie
|2 SNKPH
|9 70139
|
| 655 |
|
7 |
|a obrazové publikácie
|2 SNKPH
|9 70343
|
| 655 |
|
7 |
|a Monographs
|2 SNKPHeng
|9 120675
|
| 655 |
|
7 |
|a Pictorial works
|2 SNKPHeng
|9 284468
|
| 700 |
1 |
|
|a Csudai, Ivan,
|d 1959-
|4 bjd
|4 bkd
|4 ill
|4 pht
|9 120385
|
| 852 |
|
|
|a Slovenská národná knižnica
|
| 919 |
|
|
|a 978-80-89913-96-1
|
| 954 |
|
|
|a obrazové publikácie zamerané na výtvarné umenie a fotografiu pôvodné (slovenské)
|2 lita
|
| 999 |
|
|
|c 1074009
|d 1075939
|
| 952 |
|
|
|a SNK
|b SNK
|y PREZ
|7 0
|p 17A1534853
|o snkSB 99515
|i snk2023/13695
|8 0
|0 0
|1 0
|4 0
|d 2023-09-25
|l 0
|r 2025-05-22 00:00:00
|w 2026-02-24
|
| 952 |
|
|
|a SNK
|b SNK
|y VYP
|7 0
|p 17A1534831
|o snkSB 99515 D1
|i snk2023/13696
|8 0
|0 0
|1 0
|4 0
|d 2023-09-25
|l 0
|r 2026-02-24 16:04:43
|w 2026-02-24
|